[Event "RUS-ch"]
[Site "Elista"]
[Date "1994.??.??"]
[Round "11"]
[White "Ulybin, Mikhail"]
[Black "Aseev, Konstantin N"]
[Result "1/2-1/2"]
[WhiteElo "2510"]
[BlackElo "2540"]
[Annotator "Moiseev,V"]
[PlyCount "73"]
[EventDate "1994.09.??"]
[EventType "swiss"]
[EventRounds "11"]
[EventCountry "RUS"]
[SourceTitle "CBM 044"]
[Source "ChessBase"]
[SourceDate "1995.02.01"]
[SourceVersion "1"]
[SourceVersionDate "1995.02.01"]
[SourceQuality "1"]

1. d4 {Ftacnik} Nf6 2. c4 e6 3. g3 d5 4. Bg2 Be7 5. Nf3 O-O 6. O-O dxc4 7. Nc3
Nbd7 (7... Nc6 {Ftacnik} 8. e3 a6 9. Nd2 Na5 10. Qe2 $14) 8. e4 a6 (8... c5 $6
{Ftacnik} 9. d5 exd5 10. exd5 Nb6 11. Ne5 $44) 9. a4 Rb8 10. a5 (10. Qe2 b5 11.
axb5 axb5 12. Bf4 $44 {Pytel,K-Sydor,A/POL(ch)/1972/}) (10. Bf4 {Ftacnik} b5
11. axb5 axb5 12. Ra7 Ne8 $13) 10... b5 11. axb6 Nxb6 (11... cxb6 $6 12. Bf4
Ra8 13. Nd2 $14 (13. d5 $36 {Ftacnik})) 12. Qe2 (12. Qc2 $5) 12... Bb7 $5 (
12... c5 13. Bf4 Rb7 14. Rfd1 $14 {Taimanov}) 13. Rd1 $44 Bb4 14. Ne5 a5 15.
Bg5 (15. Nxc4 $2 Ba6 $19) 15... h6 16. Bf4 Qe7 17. Na4 (17. g4 $5) 17... Nxa4 (
17... Rbc8 {Ftacnik} 18. Nxb6 cxb6 19. Nxc4 Ba6 20. Rac1 Rfd8 $13) 18. Rxa4 c3
19. bxc3 Bxc3 20. Rc4 Bb4 (20... Ba6 $5 21. Nc6 Qa3 (21... Qd7 $5) (21... Qd7 {
Ftacnik} 22. Nxb8 Rxb8 23. Qd3 Bxc4 24. Qxc4 Bb4 25. Qxc7 Qxc7 26. Bxc7 Rc8 $15
) 22. Nxb8 Rxb8 23. Rxc3 (23. Bxc7 Rc8) (23. Qd3 Bxc4 24. Qxc4 Qb3 $10) 23...
Bxe2 24. Rxa3 Bxd1 $10 {/\ 25...Rb1}) 21. Nc6 Bxc6 22. Rxc6 Rfc8 23. Qc4 (23.
Rdc1 {Ftacnik} Qd7 24. Rxc7 Rxc7 25. Rxc7 Qxd4 26. Rc4 Qa1+ 27. Rc1 Qa3 $1 $17)
(23. e5 {Ftacnik} Nd5 24. Bxd5 exd5 25. Qg4 h5 $1 26. Qxh5 Rb6 $13) 23... Qd7 (
23... Ne8 $6 24. e5 $1 {/\ 25 d5}) 24. h3 (24. Rxc7 Rxc7 25. Qxc7 Qxc7 26. Bxc7
Rc8 27. Bf4 a4 (27... Rd8 $10) 28. d5 exd5 29. exd5 a3 (29... Ne8 $2 30. Rd4
$16) 30. d6 Rd8 $10) 24... a4 25. d5 (25. Rb1 {Ftacnik} a3 $1) 25... exd5 26.
exd5 Bd6 27. Bxd6 cxd6 28. Qxa4 Rd8 (28... Rxc6 $2 {Ftacnik} 29. dxc6 $14) 29.
Qf4 $14 Qe7 30. Bf3 Qe5 31. Qxe5 dxe5 32. d6 Rd7 33. Re1 (33. Rc7 $5 $14) 33...
Rbd8 34. Rxe5 Rxd6 35. Rxd6 Rxd6 36. Re7 Rd7 37. Rxd7 1/2-1/2

[Event "Moscow Nutcracker"]
[Site "Moscow"]
[Date "2014.12.23"]
[Round "4.2"]
[White "Dubov, Daniil"]
[Black "Dreev, Alexey"]
[Result "1-0"]
[WhiteElo "2629"]
[BlackElo "2649"]
[Annotator "Pavlovic,M"]
[PlyCount "81"]
[EventDate "2014.12.20"]
[EventType "schev"]
[EventRounds "4"]
[EventCountry "RUS"]
[SourceTitle "CBM 164"]
[Source "ChessBase"]
[SourceDate "2015.01.15"]
[SourceVersion "1"]
[SourceVersionDate "2015.01.15"]
[SourceQuality "1"]
[WhiteTeam "Princes"]
[BlackTeam "Kings"]
[WhiteTeamCountry "RUS"]

1. d4 d5 2. c4 c6 3. Nf3 Nf6 4. Nc3 e6 5. g3 Nbd7 6. Bg2 dxc4 7. O-O Be7 8. e4
O-O 9. Bf4 Re8 {A tough line, it seems that Black has many chances for serious
counterplay.} 10. a4 Nf8 {Black has other recourses in this position from
which 10...a5 looks very solid and is popular among strong players.} (10... b6
11. Qe2 (11. d5 exd5 12. exd5 Bb7 13. a5 (13. d6 Bf8 14. Nd2 Ne5 15. Bxe5 Rxe5
16. Nxc4 Rc5 17. b3 Ba6 18. Qf3 Bxc4 (18... Nd7 19. Ne4 Bxc4 20. bxc4 Rxc4 21.
Qf5 Rb8 22. Rfe1 h6 23. Bh3 Nc5 24. d7 $44 {1/2-1/2 (42) Skatchkov,P (2486)
-Smirnov,P (2599) Sochi 2012}) 19. bxc4 Qxd6 $17) 13... bxa5 14. d6 Bf8 15. Nd2
Nb6 16. Nde4 Nxe4 17. Nxe4 Nd5 18. Bg5 f6 $5 (18... Qb6 19. d7 Reb8 20. Qg4 Ba6
21. Nf6+ Nxf6 22. Bxf6 c3 23. Bxc3 $1 Bxf1 24. Bxf1 $36 {1-0 (40) Zontakh,A 
(2521)-Grigoryan,A (2616) Legnica 2013}) 19. Bd2 Bxd6 20. Bxa5 Qd7 21. Qa4 Bf8
22. Qxc4 Kh8 $13) 11... Ba6 12. Rfd1 Rc8 (12... Bb4 13. Rac1 Qe7 14. e5 Nd5 15.
Bg5 Qf8 16. Nd2 Rac8 17. Nxc4 Bxc3 18. bxc3 c5 19. Be4 h6 20. Bd2 Bxc4 21. Qxc4
cxd4 22. Qxd4 Red8 23. Bc2 $13 {1/2-1/2 (23) Issler,D (2587)-Papenin,N (2469)
corr. 2009}) 13. Rac1 h6 14. Nd2 Bf8 15. Nxc4 Nd5 16. Bd2 e5 17. exd5 exd4 18.
Qf1 dxc3 19. Bxc3 cxd5 20. Bxd5 Qc7 21. Qd3 Bxc4 22. Bxc4 Qxc4 23. Qxd7 Re7 $11
{1/2-1/2 (33) Atakisi,F (2351)-Latronico,N (2452) corr. 2009}) (10... a5 {
some recent games don't show any particuar problems for Black:} 11. Qe2 b6 12.
Rfd1 Ba6 13. Nd2 {this is a better try but still doesn't impress} (13. h3 Bb4
14. g4 Qe7 15. g5 (15. Be3 $6 Bxc3 16. bxc3 Nxe4 17. Qb2 Nef6 18. Ne5 Nxe5 19.
dxe5 Nd5 20. Bxd5 exd5 21. Qxb6 Qxe5 $17 {1/2-1/2 (60) Wang,Y (2720)-Gelfand,B
(2743) Beijing 2014}) 15... Nh5 16. Be3 g6 17. e5 $5 (17. Nh2 e5 18. d5 Nc5 19.
dxc6 Bxc3 20. bxc3 Nd3 21. h4 Rac8 $17) 17... Ng7 (17... Bxc3 18. bxc3 Ng7 19.
Nd2 Rac8 20. Ne4 Nf5 21. Bf4 $13) 18. Nd2 Rac8 19. Nde4 Nf5 20. Bf4 {but the
white compensation is not obvious, still it was better than what happened in
that game.}) (13. Qc2 Bb4 (13... Rc8 14. d5 $1) 14. Ng5 h6 (14... Nf8 $5) 15.
e5 hxg5 16. Bxg5 Rc8 17. Qe2 Be7 18. exf6 Nxf6 19. Bf4 Nd5 $15 {1-0 (57)
Ulibin,M (2533)-Thingstad,E (2245) Stockholm 2013}) 13... Bf8 (13... Bb4 14.
Nxc4 Nd5 15. Bd2 Qc7 16. Rac1 Bxc3 17. bxc3 {White looks ok}) 14. h3 Rc8 15.
Be3 e5 (15... Qe7 $5 16. e5 (16. Nxc4 Qb4 17. Bf1 e5 $15 {Black has the
initiative}) 16... Nd5 17. Nde4 Qd8 18. Bg5 Qc7 19. Qg4 $44) 16. Nxc4 exd4 (
16... Qe7 $5 17. b3 Qb4 18. Qc2 Bxc4 19. bxc4 Qxc4 20. dxe5 Rxe5 21. Bf1 Qe6 {
again it is White who has to prove compensation}) 17. Bxd4 Qc7 18. b3 Bc5 19.
Qc2 Bxc4 20. bxc4 Bxd4 21. Rxd4 Nc5 22. Rad1 g6 23. f4 Nh5 24. Kh2 Rcd8 25. e5
$13 {1/2-1/2 (44) Wang,Y (2720)-Ponomariov,R (2714) Beijing 2014}) 11. Bg5 $5 {
White has an interesting idea in mind.} (11. a5 Ng6 12. e5 Nd5 13. Bd2 c5 14.
dxc5 Bxc5 $5 (14... Nxc3 15. Bxc3 Bxc5 16. Nd2 Qc7 17. Nxc4 Rd8 18. Qf3 Rb8 19.
h4 Bd7 20. h5 Bc6 21. Qg4 Bxg2 22. Kxg2 Ne7 (22... Bd4 $2 23. hxg6 Qxc4 24. Qh4
$18 {1-0 (46) Sokolov,I (2643)-Stefansson,H (2557) Aix-les-Bains 2011}) 23.
Rac1 Nf5 24. Nd6 Qc6+ 25. Kg1 Bxd6 26. exd6 Qxd6 27. h6 g6 28. Rfe1 $44) 15.
Ne4 Qc7 $13 16. Rc1 $2 b5 17. axb6 axb6 $17) 11... h6 12. Bxf6 Bxf6 13. e5 Be7
14. Qe2 a5 15. Rfd1 Nd7 (15... Qb6 16. Nd2 $5 Qxd4 (16... Qxb2 17. Qf3 Qb6 18.
Nxc4 Qc7 19. Ne4 Nh7 20. Ned6 Rf8 21. Rab1 Ra6 22. Rb3 $36) 17. Nxc4 Qc5 18.
Ne4 Qb4 19. Ra3 $5 $36) 16. Nd2 $1 Nb6 17. Nce4 Bb4 $6 {A waste of time.} (
17... Qxd4 $2 18. Nf3 $18 {the black queen is trapped in the centre}) (17...
Rf8 $5 18. Nxc4 (18. Qg4 f5 $1 19. exf6 Bxf6 20. Qe2 Bxd4 21. Nxc4 Nxc4 22.
Qxc4 c5 23. Nxc5 Bxf2+ 24. Kh1 Qc7 25. Rac1 Qxc5 26. Qxc5 Bxc5 27. Rxc5 b6 28.
Rc7 Rb8 29. Kg1 e5 30. Re1 Ba6 31. Rxe5 Rbd8 $132) 18... Nxc4 19. Qxc4 Bd7 $14
{the black position is a bit passive but holdable.}) 18. Qg4 $1 Be7 19. h4 Bd7
20. Bf1 $1 Rb8 21. Nxc4 Nxc4 22. Bxc4 b5 23. Bd3 $1 $36 {Although White did
everything well so far in the game, surprisingly tactics that will arise are
far from simple.} bxa4 24. Nc3 Rb4 (24... c5 $5 25. Qe4 g6 26. d5 (26. h5 Rxb2
27. hxg6 f5 28. exf6 Bxf6 29. g7 Bxg7 30. Nxa4 Bxa4 31. Rxa4 cxd4 32. Ra3 $44)
26... exd5 27. Nxd5 Bf5 28. Qc4 Be6 29. Bc2 Rb4 30. Nf6+ Bxf6 31. Rxd8 Bxd8 32.
Qc3 $14) 25. Qe4 g6 26. h5 $16 c5 $1 27. hxg6 f5 28. exf6 {Computers give a
huge advantage to White but things are not that simple.} (28. Qh1 $5 {an
unusual but interesting idea} Kg7 29. d5 Qb6 30. dxe6 Bxe6 31. Qh5 Rf8 32. Nxa4
Qb8 $13) 28... Bxf6 29. g7 Bxg7 30. Qh7+ Kf8 31. Bg6 Rxd4 32. Ne2 (32. Bxe8
Bxe8 33. Qc2 Bc6 34. Nxa4 Kg8 35. Nc3 Qg5 $1 $132) 32... e5 $6 (32... Re7 $1 {
was much better:} 33. Nxd4 Bxd4 34. Qxh6+ Rg7 35. Be4 Qg5 36. Qxg5 Rxg5 37. Kg2
Bxb2 38. Rab1 Bd4 39. Rb8+ Ke7 40. Ra8 $16 Rf5 $1 41. f4 Rf8 42. Ra7 a3 (42...
Kd6 43. Rb1 $1 $18) 43. Rxa5 e5 44. Rh1 $1 $16 {not an easy line for either
side!}) 33. Nxd4 exd4 34. Bxe8 Qxe8 35. Re1 Qf7 36. Qe4 $18 {Two rooks on the
open file will tell.} Kg8 37. Ra3 Bf5 38. Qc6 Bc2 39. Rf3 Qg6 40. Re6 Qg5 41.
Rf7 $1 1-0

[Event "Rohde op 09th"]
[Site "Sautron"]
[Date "2009.10.30"]
[Round "8"]
[White "Koziak, Vitali"]
[Black "Potkin, Vladimir"]
[Result "1/2-1/2"]
[WhiteElo "2475"]
[BlackElo "2615"]
[Annotator "Primel,D"]
[PlyCount "61"]
[EventDate "2009.10.24"]
[EventType "swiss"]
[EventRounds "9"]
[EventCountry "FRA"]
[SourceTitle "EXT 2010"]
[Source "ChessBase"]
[SourceDate "2010.11.25"]
[SourceVersion "1"]
[SourceVersionDate "2010.11.25"]
[SourceQuality "1"]

1. d4 d5 2. c4 e6 3. Nf3 Nf6 4. Nc3 (4. g3 $142 {la grande ligne de la
Catalane est moins risquée en retardant la sortie du Nb1}) 4... c6 5. g3 Nbd7
6. Bg2 dxc4 $1 {la ligne critique car la Catalane avec un Nc3 précoce impose
souvent de sacrifier le Pc4} 7. O-O (7. a4 $143 Be7 8. O-O O-O 9. e4 e5 $1 {
Topalov,V (2702)-Kasparov,G (2851) Sarajevo Bosnia 30th 2000 (4) 1/2}) 7... Be7
8. e4 $44 {[%csl Gd4,Ge4]} O-O 9. Bf4 Nh5 $1 {[%cal Gh5f4]} ({RR} 9... Re8 10.
a4 a5 11. Qe2 b6 12. Nd2 Ba6 13. Nxc4 Bf8 14. Rfd1 Nd5 15. Bc1 Nxc3 16. bxc3
Ne5 17. dxe5 Bxc4 18. Rxd8 Bxe2 19. Rxe8 Rxe8 20. Be3 Bc5 21. Bxc5 bxc5 22. Bf1
Bf3 23. Bg2 Be2 24. Bf1 {Ponomariov,R (2741)-Harikrishna,P (2673)/Montcada
2009/Mega2009 Update 37/1/2-1/2}) (9... a5) (9... b5 {La grande ligne} 10. d5
$5) 10. Be3 {Dans certaines variantes de la Catalane, les blancs laissent
prendre en f4 le Bf4 mais dans cette position, ils ont déjà joué e4 et cet
échange Nf4 serait favorable aux noirs.} Nhf6 11. Bf4 Nh5 12. Be3 Nhf6 13. Bf4
Nh5 14. Be3 Nhf6 15. Bf4 Nh5 16. Be3 Nhf6 17. Bf4 Nh5 18. Be3 Nhf6 19. a4 (19.
Nd2 $5 {[%cal Gd2c4]} b5 (19... Nb6) 20. a4 b4 21. Ne2 Ba6 (21... Ng4 22. Nxc4
Nxe3 23. Nxe3 $14 {[%csl Rb4,Rc6]}) 22. Rc1 Rc8 23. Nxc4 c5 24. d5 {[%cal
Gd5d6]}) 19... e5 $1 20. dxe5 (20. d5 $5 Ng4 21. Bd2 (21. d6)) 20... Ng4 21.
Bf4 Qa5 $11 {[%cal Gd7e5,Gg4e5,Ga5e5]} 22. Qd4 (22. e6 fxe6 23. Qe2 Nge5 24.
Nxe5 Nxe5 25. Bxe5 Qxe5 26. Kh1 g5 27. Rad1 b5 28. f4 gxf4 29. gxf4 Rxf4 30.
Rxf4 Qxf4 31. e5 Rb8 32. Be4 b4 33. Rg1+ Bg5 34. Qh5 {1-0 Miton,K (2595)
-Marcelin,C (2495)/Clichy 2009/Mega2009 Update 11}) 22... Rd8 23. Qxc4 Ndxe5
24. Qe2 Nxf3+ 25. Bxf3 Ne5 26. Bxe5 Qxe5 27. Rfd1 Bh3 (27... Be6) 28. Bg4 Bxg4
29. Qxg4 Qe6 30. Qxe6 fxe6 31. Kf1 1/2-1/2

[Event "Sautron op 16th"]
[Site "Sautron"]
[Date "2016.10.22"]
[Round "2.3"]
[White "Zubarev, Alexander2"]
[Black "Delorme, Alban"]
[Result "0-1"]
[WhiteElo "2525"]
[BlackElo "2316"]
[Annotator "RR"]
[PlyCount "84"]
[EventDate "2016.10.22"]
[EventType "swiss"]
[EventRounds "9"]
[EventCountry "FRA"]
[SourceTitle "EXT 2019"]
[Source "ChessBase"]
[SourceDate "2018.10.10"]
[SourceVersion "1"]
[SourceVersionDate "2018.10.10"]
[SourceQuality "1"]
[TimeControl "40/5400+30:1800+30"]
[WhiteClock "0:08:59"]
[BlackClock "0:45:54"]

1. d4 {[%emt 0:00:26]} d5 {[%emt 0:00:07]} 2. Nf3 {[%emt 0:00:21]} Nf6 {
[%emt 0:00:28]} 3. c4 {[%emt 0:00:05]} e6 {[%emt 0:00:19]} 4. g3 {[%emt 0:00:
11]} Be7 {[%emt 0:01:08]} 5. Bg2 {[%emt 0:00:05]} O-O {[%emt 0:00:22]} 6. Nc3 {
[%emt 0:00:06] Une ligne ambitieuse car le P"c4" est plus difficile à
récupérer} (6. O-O {La grande ligne}) 6... c6 {[%emt 0:07:13][%cal Gd5c4]} (
6... dxc4 {La ligne critique} 7. O-O Nc6 (7... Nbd7 8. e4 c6 9. Bf4 Nh5 10. Be3
Nhf6 11. a4 e5 $13) 8. e3 Rb8 {[%cal Gb7b5]}) 7. O-O {[%emt 0:05:05]} b6 {
[%emt 0:03:47]} (7... Nbd7) (7... dxc4 8. Ne5 {[%cal Ge5c4]}) 8. b3 {[%emt 0:
03:22]} (8. Ne5) (8. Bf4) 8... Nbd7 {[%emt 0:03:04]} (8... Ba6 9. Qd3 $14 {
[%cal Ge2e4]}) 9. Qd3 $5 {[%emt 0:11:48][%cal Ge2e4,Gd3c4]} (9. Bb2) (9. Qc2
Ba6 10. Rd1 dxc4 11. bxc4 Bxc4 12. Ne5 Nxe5 13. dxe5 Nd5 14. Bb2 $44 {[%cal
Ge2e4]}) 9... Bb7 {[%emt 0:03:44]} (9... Ba6 10. Rd1 (10. e4 dxc4 11. bxc4 e5 {
Illustrant le problème de jouer e4 au bon moment}) 10... c5 (10... Rc8) 11.
Nb5 $5 (11. Bb2 Rc8 12. Nb5) 11... Bxb5 12. cxb5 {[%csl Ra7]} a6 13. bxa6 Qc8
14. Bb2 Qxa6 15. Qxa6 Rxa6 16. a4 Rc8 17. Rdc1 Ne4 18. e3 Ra7 19. Bf1 f5 20.
Rc2 g5 21. dxc5 bxc5 22. Nd4 Kf7 23. Nb5 Raa8 24. f3 Nef6 25. a5 g4 26. f4 Nb8
27. Be5 Nc6 28. Nd6+ Bxd6 29. Bxd6 Ne4 30. Bxc5 Rxa5 31. Rac1 Rb8 32. Bd6 Nxd6
33. Rxc6 Ne8 34. Rb1 Rb4 35. Ra6 Rxa6 36. Bxa6 Nd6 37. Bd3 Kf6 38. Kf2 e5 39.
fxe5+ {Wojtaszek,R (2733)-Adams,M (2740) Biel 2015 1/2-1/2}) 10. Rd1 {[%emt 0:
14:51][%cal Gd1d8]} Rc8 {[%emt 0:07:42]} 11. Bb2 {[%emt 0:04:07]} Re8 $6 $146 {
[%emt 0:04:35] Un coup passif} (11... dxc4 12. bxc4 c5 13. d5 exd5 14. cxd5 Re8
15. e4 c4 16. Qc2 Bb4 17. Rd4 Bc5 18. Rd2 Bb4 19. Rd4 Bc5 20. Rdd1 Ng4 21. Nd4
Nge5 22. Na4 Bf8 23. f4 Nd3 24. e5 N7c5 25. Nc3 b5 26. d6 Bxg2 27. Qxg2 b4 28.
Nd5 c3 29. Bc1 a5 30. Qf3 Nxc1 31. Raxc1 Qd7 32. Nb6 Qa7 33. Nxc8 Rxc8 34. Kg2
Qd7 35. Qd5 a4 36. f5 Na6 37. e6 fxe6 38. Nxe6 Kh8 39. Ng5 h6 40. Nf7+ Kh7 41.
Ne5 {Hou,Y (2673)-Kravtsiv,M (2563) Bastia 2014 0-1 (63)}) (11... Qc7 12. e4 (
12. Rac1) 12... c5 13. exd5 exd5 14. cxd5 Nxd5 15. Nxd5 Bxd5 16. Rac1 {[%cal
Gc1c7]}) 12. e4 {[%emt 0:07:59]} dxe4 {[%emt 0:02:27]} 13. Nxe4 {[%emt 0:00:17]
} Qc7 {[%emt 0:03:50]} 14. Nc3 $1 {[%emt 0:17:44] Les Blancs ont un avantage
d'espace et il vaut mieux éviter les échanges} Rcd8 {[%emt 0:05:11]} (14...
c5 15. d5 $14) 15. Rd2 {[%emt 0:10:37]} (15. Rac1) (15. Qe2 {[%csl Ge5]} Bf8
16. Ne5 $14) 15... Bb4 {[%emt 0:02:12]} 16. Re2 {[%emt 0:14:02]} e5 $132 {
[%emt 0:02:24]} 17. Qc2 {[%emt 0:02:45]} exd4 {[%emt 0:01:18]} 18. Rxe8+ {
[%emt 0:00:23]} Rxe8 {[%emt 0:01:26]} 19. Nxd4 {[%emt 0:00:04]} a6 {[%emt 0:03:
41]} (19... c5 20. Nf5 Bxg2 21. Kxg2) 20. Nf5 {[%emt 0:01:24]} Bf8 {[%emt 0:00:
41]} 21. Ne4 {[%emt 0:01:53]} Nxe4 {[%emt 0:01:13]} 22. Bxe4 {[%emt 0:00:04]}
Ne5 {[%emt 0:00:22]} 23. Ne3 {[%emt 0:00:34]} g6 {[%emt 0:00:47]} (23... c5 24.
Nd5 {[%csl Gd5]}) 24. Rd1 {[%emt 0:01:11]} Bg7 {[%emt 0:03:06]} 25. Bg2 {
[%emt 0:01:12]} Qe7 {[%emt 0:02:24]} 26. Bd4 {[%emt 0:01:35]} c5 {[%emt 0:02:
49]} 27. Bxe5 {[%emt 0:00:10]} Bxe5 {[%emt 0:00:10]} 28. Bxb7 {[%emt 0:00:27]}
Qxb7 {[%emt 0:00:06]} 29. Nd5 $16 {[%emt 0:00:38][%csl Gd5]} Bd4 {[%emt 0:00:
02]} 30. Qd3 {[%emt 0:00:54]} (30. Rxd4 cxd4 31. Nf6+ Kf8 32. Nxe8 Kxe8 33.
Qe2+) 30... Qc6 {[%emt 0:02:14]} 31. Qf3 $1 {[%emt 0:00:25][%cal Gd5f6,Gf3c6]}
Kg7 {[%emt 0:00:23]} 32. Kg2 {[%emt 0:00:29]} (32. h4 {[%cal Gh4h5]}) 32... Re5
{[%emt 0:00:39]} 33. Rd2 {[%emt 0:00:21]} Qe6 {[%emt 0:01:40]} 34. a4 {[%emt 0:
00:43]} g5 {[%emt 0:02:02] Très risqué} 35. h3 {[%emt 0:00:28]} (35. b4 $5 {
[%cal Gd2d4,Gb4b5]} g4 36. Qf4 f5 37. b5 $14) 35... f5 {[%emt 0:02:26]} 36. Nc7
{[%emt 0:00:17]} Qd7 {[%emt 0:00:25]} 37. Nd5 {[%emt 0:00:28]} Qe6 {[%emt 0:01:
17]} 38. Nc7 {[%emt 0:00:27] Une répétition de coups pour gagner du temps
avec l'incrément} Qd7 {[%emt 0:00:04]} 39. Nxa6 {[%emt 0:00:31]} g4 {[%emt 0:
00:18]} 40. hxg4 {[%emt 0:00:00]} fxg4 {[%emt 0:00:00]} 41. Qa8 {[%emt 0:16:31]
} Qf7 {[%emt 0:04:13]} 42. f3 $2 {[%emt 0:07:01] Il y a souvent une
déconcentration après avoir passé le contrôle de temps et cette partie en
est un nouvel exemple.} Re1 {[%emt 0:12:47]} 0-1

[Event "Reggio Emilia 0001 43th"]
[Site "Reggio Emilia"]
[Date "2001.01.06"]
[Round "8"]
[White "Vezzosi, Paolo"]
[Black "Efimov, Igor"]
[Result "1/2-1/2"]
[WhiteElo "2421"]
[BlackElo "2520"]
[Annotator "Rabinovich,Al"]
[PlyCount "118"]
[EventDate "2000.12.30"]
[EventType "tourn"]
[EventRounds "9"]
[EventCountry "ITA"]
[EventCategory "8"]
[SourceTitle "CBM 081"]
[Source "ChessBase"]
[SourceDate "2001.03.20"]
[SourceVersion "1"]
[SourceVersionDate "2001.03.20"]
[SourceQuality "1"]

1. d4 Nf6 2. c4 e6 3. Nf3 b6 4. g3 Ba6 5. b3 c6 {Not such a popular move this
days.And we can see why.Black doesn't get any serious counterplay,while white
enjoys of free play in the center.} (5... Bb4+ 6. Bd2 Bxd2+ 7. Qxd2 c6 8. Qc2
d5 9. Nbd2 Nbd7 10. Bg2 c5 11. O-O O-O 12. e4 cxd4 13. exd5 exd5 14. Nxd4 Rc8
15. Rfe1 g6 16. Rac1 b5 $11 {1-0 Gelfand,B-Psakhis,L/Haifa ISR 2000 (37)}) (
5... d5 6. cxd5 exd5 7. Bg2 Bb4+ 8. Bd2 Bd6 9. Nc3 Nbd7 10. Nh4 Bb7 11. Nf5 Bf8
12. O-O g6 13. Nh6 Be7 14. f4 $16 {1-0 Shneider,A-Rogovski,V/Ordzhonikidze UKR
2000/The Week in Chess 295 (33)}) (5... b5 6. cxb5 Bxb5 7. Bg2 d5 8. O-O Nbd7
9. Nc3 Ba6 10. Na4 Bd6 11. Bb2 Bb5 12. Nc3 Ba6 13. Rc1 O-O 14. Na4 Qe7 15. Qc2
Ne4 16. Ne5 f5 17. f3 Nef6 18. Rfe1 Bb5 19. Nc3 Ba6 20. Nxd7 Qxd7 21. Na4 Rae8
22. Nc5 $14 {1/2-1/2 Lputian,S-Gelashvili,T/Yerevan ARM 2000/The Week in Chess
292 (58)}) 6. Bg2 d5 7. O-O Nbd7 8. Nbd2 Rc8 $6 {Not such a good move.Better
was 8...Be7 9.Bb2 0-0 10.Re1 c5} 9. Bb2 Be7 10. Re1 O-O 11. e4 $14 c5 (11...
dxe4 12. Nxe4 Nxe4 13. Rxe4 c5 14. Qe2 Nf6 15. Re3 $14) 12. e5 Ne8 13. cxd5 (
13. Rc1 Nc7 $11) 13... exd5 14. Bh3 {White B finds good place on h3} Nc7 15.
Nf1 $1 {[%cal Gf1e3,Ye3f5,Ye3d5]} c4 (15... Re8 16. Ne3 Bb7 $14 {[%cal Gc7e6]})
16. bxc4 Bxc4 (16... dxc4 $5 17. d5 (17. Rc1 Bb4 18. Re4 Bb7 19. Rh4 Be7 20.
Rg4 h5 21. Rh4 Bxf3 (21... Bxh4 22. Nxh4 {[%cal Gd1h5]} g6 23. e6 Nxe6 24. Bxe6
fxe6 25. Nxg6 Rf5 26. Ba3 $44 {[%cal Gg6e7]}) 22. Qxf3 Bxh4 23. gxh4 b5 24.
Qxh5 $44 {[%csl Gb2,Rg8,Gh3][%cal Gf1e3,Ge3f5]}) 17... Bb4 18. Re3 Bc5 19. Re4
(19. Re1 Bb7 20. d6 Ne6 21. Ne3 Bb4 $17) 19... Bb7 $15) 17. a3 Ne6 (17... b5)
18. Ne3 b5 19. Nf5 Nb8 $6 (19... Nb6 $13 {[%cal Gb6a4]}) 20. Nd2 {[%cal Gd1g4]}
Nc6 (20... Bd3 {Since white B on b2 is not coming into the game soon,black had
just to exchange the white N on f5.White has no attacking chances without the
N.}) 21. Qg4 {[%cal Gf5h6,Gh6f7,Gg4e6]} Kh8 22. Re3 {[%cal Ge3f3] This move
brings the R to the game and also prevents Bd3.} g6 (22... Bg5 23. f4 Be7 {
[%csl Rd4]} 24. Nf3 {[%cal Gf5h4,Gf4f5]}) 23. Nh6 (23. Nxe7 Qxe7 $14 {[%csl
Rd6,Rf6,Rh6]}) 23... Qe8 $2 (23... Bg5 $5 24. Nxf7+ Rxf7 25. Nxc4 (25. Qxe6
Bxe3 26. fxe3 Rcc7 27. Bg2 Qe7 28. Qxe7 Nxe7 29. Rc1 $44 {[%cal Ge3e4]}) (25.
f4 $5 Bxf4 (25... Ncxd4 26. Bxd4 Nxd4 27. Qxc8 Nc2 28. Rae1 Qxc8 29. Bxc8 Nxe3
30. Rxe3 (30. fxg5 Nc2 31. e6 Nxe1 32. exf7 Kg7 33. Be6 Nd3 $17) 30... Be7 31.
Nxc4 bxc4 32. Kf1 Bc5 33. Re1 Rc7 34. Be6 c3 35. Re2 Bxa3 36. Rc2 d4 $15 {
[%cal Gf1e2,Ge2d3] Since white will block black pawns,it seems like he will
hold the position.}) 26. gxf4 Re7 27. Qh4 Rf7 28. Qg4 Re7 29. Nf3 $36 {[%cal
Gf3g5]}) 25... bxc4 26. Qxe6 Bxe3 27. fxe3 Rcc7 $15) 24. Nxf7+ Qxf7 25. Rf3 $18
{Black probably missed this move.} Qf5 {Black decides instead of playing lost
ending,to sacrafise the Q and to wait for oponent's mistakes.} (25... Be2 26.
Qxe6 Bxf3 27. Qxf7 Rxf7 28. Bxc8 $18) 26. Rxf5 gxf5 27. Qd1 Ncxd4 {Another"
unclear" sacrafise.With correct play from white the game should end very soon.}
28. Bxd4 Nxd4 29. Nxc4 Rxc4 30. Bf1 Bc5 31. Bxc4 dxc4 {White should activate
the Q and to bring the R in the game.} 32. Kg2 f4 33. Qh5 f3+ (33... fxg3 34.
hxg3 Nc2 35. Rf1 {[%cal Ge5e6]}) 34. Kh3 c3 35. e6 {[%cal Gh5c5]} Rf5 36. Qe8+
Kg7 37. Qd7+ Kg6 38. g4 (38. e7 $142 Rh5+ 39. Kg4 Rg5+ 40. Kf4 $18) 38... Re5
39. Qf7+ Kg5 40. Qg7+ Kf4 41. Qf6+ $6 {White looses it,he can't find the plan
for winning.One strong player said ones :"If you have material advantage you
must attack".This sentence correct also about this position.} (41. Qh6+ $1 Ke4
42. Re1+ Ne2 43. Qxh7+ Kd5 44. Qd7+ Kc4 45. Qf7 Kd4 46. Rd1+ Ke4 47. Qg6+ Kf4
48. e7 Bxe7 49. Qh6+ Rg5 (49... Ke4 50. Qe3#) (49... Bg5 50. Qf8+ Ke4 51. Qb4+
Nd4 52. Qxd4#) 50. Rd7 $18) 41... Ke4 42. Re1+ Ne2 43. g5 Bxf2 44. Rf1 (44.
Rxe2+ fxe2 45. Qxf2 Kd3 46. Qg3+ Re3 47. Qxe3+ Kxe3 48. e7 e1=Q 49. e8=Q+ Kd2
$19) 44... c2 {Black every move finds some ideas to confuse the oponent,luckly
it works.} 45. Kg4 $2 {It is like white doesn't want to win,almost every move
he makes mistakes.} (45. e7 c1=Q 46. Rxc1 Nxc1 47. Qxe5+ Kxe5 48. e8=Q+ {
With an easy win.}) 45... Bc5 46. Qxf3+ Kd4 47. Qb3 c1=Q 48. Rxc1 Nxc1 49. Qb2+
Kd5 50. Qxc1 Rxe6 51. Qd1+ {Still after what happened in the game what should
win.} Kc6 52. Kf5 (52. Qf3+ Kb6 53. Qd3 {[%cal Gd3a3,Gd3h7]} Re7 54. h4 {
[%cal Gh4h5]}) 52... Re3 $132 {[%cal Ge3a3,Gc5a3]} 53. a4 (53. Qh5 $1 Re7 54.
h4 Bxa3 $4 55. Qf3+) 53... b4 {I imagine what black felt here.In compare to
the position he had 10 moves,this one looks like a dream.} 54. Qf1 (54. h4 $142
) 54... b3 55. Qg2+ (55. Qb5+ Kd6 56. Qb8+ Kc6 57. Qg8 Rh3 58. Kg4 Rxh2 59.
Qxb3 $18) 55... Kd6 56. Qd2+ Kc6 57. h4 Rf3+ 58. Ke6 Re3+ 59. Kf5 Rf3+ {
[%mdl 12736] White decided to save half a point,although his position is still
better with good chances to win,but after the game full of blunders ,who
wouldn't?} 1/2-1/2